000 00495nam a2200181Ia 4500
001 1820
005 20260306143756.0
008 260306t2015||||xx |||||||||||||| ||spa||
041 _aESP
082 _a155.5
_bR74
100 _aRodríguez, Nora
_eAUT
245 0 _aEl nuevo ideal del amor en adolescentes digitales:
_bel control obsesivo dentro y fuera del mundo digital
260 _c2015
300 _a125 páginas :
_c21 cm.
650 _aGEN
654 _aCPS
942 _cLIB
_dJUS
_fJUS
_2ddc
_n
999 _c1820
_d1820